Creciendo en Libertad /
| Autor Corporativo: | |
|---|---|
| Formato: | Libro |
| Idioma: | Lingua castelá |
| Publicado: |
San José, Costa Rica :
Fundación Paniamor,
1998
|
| Subjects: |
MARC
| LEADER | 00000nam a2200000Ia 4500 | ||
|---|---|---|---|
| 008 | 180911b1998 cr ||||| |||| 00| | spa d | ||
| 999 | |c 2329 |d 2329 | ||
| 090 | |a 18.16.01 |b 1369 | ||
| 110 | |a Fundación Paniamor |9 1930 | ||
| 245 | 1 | 0 | |a Creciendo en Libertad / |c Fundación Paniamor |
| 260 | |a San José, Costa Rica : |b Fundación Paniamor, |c 1998 | ||
| 300 | |a 72 páginas | ||
| 650 | 1 | 4 | |a IDENTIDAD |9 1044 |
| 650 | 1 | 4 | |a COMUNICACIÓN |9 150 |
| 650 | 1 | 4 | |a PREVENCIÓN |9 554 |
| 650 | 1 | 4 | |a ADOLESCENTES |9 5 |
| 650 | 1 | 4 | |a SEGURIDAD |9 596 |
| 942 | |i 002147 |h 18.16.01 1369 |2 z |c 01 | ||
